000 01865nam0a2200373 4500
001 RU\NLR\bibl\1774258
005 20260406042009.0
010 _a978-5-91487-026-0
_91000
021 _aRU
_b2011-35936
_92565
035 _a(NLR Aleph) 001765031
090 _a1602244
_c1602244
100 _a20110530d2011 |||y0rusy50 ca
101 0 _arus
102 _aRU
105 _ac |||||||||
200 1 _aФедеральная концепция основных принципов организации и деятельности контрольно-счетных органов
_fСтепашин Сергей Вадимович, д.ю.н., проф., Сурков Константин Викторович, засл. юрист Рос. Федерации, д.ю.н., проф.
210 _aМосква
_c[б.и.]
_d2011
215 _a285 c.
_cцв. портр.
_d31
300 _aНа обл. авт. не указаны
300 _a15-летию Счетной палаты РФ и 10-летию Ассоциации контрольно-счет. органов РФ посвящ.
320 _aБиблиогр.: с. 280-285
606 1 _aКонтролирующие органы
_yРоссийская Федерация
_92168452
_3RU\NLR\auth\661304558
606 1 _aФинансовый контроль
_yРоссийская Федерация
_92094714
_3RU\NLR\auth\661267510
686 _aХ622.3
686 _aУ26(2)17
686 _aХ622.021
700 1 _4070
_8rus
_7ca
_aСтепашин
_bС. В.
_f1952-
_gСергей Вадимович
_3RU\NLR\auth\7770003
_952931
701 1 _4070
_8rus
_7ca
_aСурков
_bК. В.
_f1956-
_gКонстантин Викторович
_3RU\NLR\auth\772323
_9112338
801 0 _aRU
_bNLR
_c20110530
_gRCR
801 1 _aRU
_bNLR
_c20110530
942 _cBOOK
980 _aNB
980 _aNBR